000 00452nam a22001937a 4500
003 koha_MIRAKIL
005 20231213100307.0
008 231213b |||||||| |||| 00| 0 ||| d
020 _b978-1-40625732-8
040 _aTR-IsEVY
_btur
_cTR-IsEVY
082 _a420 GIU/M
100 _aGiulieri, Anne.
245 0 _aMinibeasts
260 _bRaintree,
_c2013
300 _a16 s.
650 _aAnimals.
650 _aEnvironment.
942 _2ddc
_cBK
999 _c17659
_d17659